Utilization of BIM in construction cost and project management practices (Record no. 115496)
[ view plain ]
| 000 -LEADER | |
|---|---|
| fixed length control field | 01716cad a2200349 4500 |
| 001 - CONTROL NUMBER | |
| control field | L158763 |
| 008 - FIXED-LENGTH DATA ELEMENTS--GENERAL INFORMATION | |
| fixed length control field | 100215n2015 000 0 eng u |
| 035 ## - SYSTEM CONTROL NUMBER | |
| System control number | (Sirsi) u158763 |
| 041 ## - LANGUAGE CODE | |
| Language code of text/sound track or separate title | eng |
| 110 2# - MAIN ENTRY--CORPORATE NAME | |
| Corporate name or jurisdiction name as entry element | Royal Institution of Chartered Surveyors |
| 9 (RLIN) | 4900 |
| 245 00 - TITLE STATEMENT | |
| Title | Utilization of BIM in construction cost and project management practices |
| Remainder of title | North America, China and the UK |
| 260 ## - PUBLICATION, DISTRIBUTION, ETC. | |
| Place of publication, distribution, etc. | London |
| Name of publisher, distributor, etc. | RICS |
| Date of publication, distribution, etc. | 2015 |
| 490 #0 - SERIES STATEMENT | |
| Series statement | RICS Research |
| 520 ## - SUMMARY, ETC. | |
| Summary, etc. | Analyses the factors shaping the development of BIM in the North American, Chinese and UK construction industries and provides insight in how to navigate these. The research assesses the opportunities and challenges facing construction professionals and the sector as a whole in the adoption of BIM in construction cost and project management. Based on this it formulates best practices and recommendations relevant to policy makers, professional bodies and practitioners which will help develop suitable strategies to foster the development of BIM in the future. |
| 650 24 - SUBJECT ADDED ENTRY--TOPICAL TERM | |
| Topical term or geographic name entry element | BUILDING INFORMATION MODELLING |
| 650 24 - SUBJECT ADDED ENTRY--TOPICAL TERM | |
| Topical term or geographic name entry element | CONSTRUCTION COSTS |
| 650 24 - SUBJECT ADDED ENTRY--TOPICAL TERM | |
| Topical term or geographic name entry element | Project management |
| 9 (RLIN) | 6261 |
| 650 24 - SUBJECT ADDED ENTRY--TOPICAL TERM | |
| Topical term or geographic name entry element | CONTRACT MANAGEMENT |
| 650 24 - SUBJECT ADDED ENTRY--TOPICAL TERM | |
| Topical term or geographic name entry element | EFFICIENCY |
| 650 24 - SUBJECT ADDED ENTRY--TOPICAL TERM | |
| Topical term or geographic name entry element | TRAINING AND EDUCATION |
| 651 #4 - SUBJECT ADDED ENTRY--GEOGRAPHIC NAME | |
| Geographic name | United Kingdom |
| 651 #4 - SUBJECT ADDED ENTRY--GEOGRAPHIC NAME | |
| Geographic name | United States |
| Chronological subdivision | 1959- |
| 651 #4 - SUBJECT ADDED ENTRY--GEOGRAPHIC NAME | |
| Geographic name | China |
| 690 ## - LOCAL SUBJECT ADDED ENTRY--TOPICAL TERM (OCLC, RLIN) | |
| Topical term or geographic name as entry element | BIM |
| 9 (RLIN) | 6219 |
| 700 1# - ADDED ENTRY--PERSONAL NAME | |
| Personal name | Kissoon, Clint |
| 700 1# - ADDED ENTRY--PERSONAL NAME | |
| Personal name | Willis, Christopher |
| 700 1# - ADDED ENTRY--PERSONAL NAME | |
| Personal name | Regmi, Tulsi |
| 700 1# - ADDED ENTRY--PERSONAL NAME | |
| Personal name | Zhang, Jinyue |
| 700 1# - ADDED ENTRY--PERSONAL NAME | |
| Personal name | Cheung, Franco |
| 856 48 - ELECTRONIC LOCATION AND ACCESS | |
| Uniform Resource Identifier | <a href="https://www.isurv.com/downloads/download/1993/utilization_of_bim_in_construction_cost_and_project_management_practices_rics">https://www.isurv.com/downloads/download/1993/utilization_of_bim_in_construction_cost_and_project_management_practices_rics</a> |
| Public note | archived on isurv (subscription required) |
| 942 ## - ADDED ENTRY ELEMENTS (KOHA) | |
| Suppress in OPAC | 0 |
| Source of classification or shelving scheme | Dewey Decimal Classification |
| Withdrawn status | Lost status | Source of classification or shelving scheme | Damaged status | Not for loan | Home library | Current library | Shelving location | Date acquired | Total Checkouts | Full call number | Date last seen | Copy number | Price effective from | Koha item type |
|---|---|---|---|---|---|---|---|---|---|---|---|---|---|---|
| Archives | London | RICS Boxes | 14/11/2023 | RICS 2015/24 | 14/11/2023 | 14/11/2023 | Book | |||||||
| Dewey Decimal Classification | Virtual | Virtual | Online | 14/07/2015 | isurv | 14/11/2023 | 1 | 06/08/2019 | Online material |